Billy Joel Lyrics Quiz (Part 14) - Statistics

General Stats
  • This quiz has been taken 37 times
  • The average score is 135 of 218
Answer Stats
Answer % Correct
a
100%
I
100%
the
97%
an
93%
And
90%
and
90%
in
90%
they
86%
They
86%
we
86%
So
83%
For
79%
I'm
79%
their
79%
to
79%
To
79%
If
76%
be
72%
No
72%
on
72%
us
72%
all
69%
Every
69%
it's
69%
man
69%
our
69%
But
66%
Out
66%
out
66%
we're
66%
got
62%
had
62%
here
62%
never
62%
they're
62%
time
62%
up
62%
way
62%
as
59%
down
59%
from
59%
get
59%
old
59%
that
59%
what
59%
won't
59%
Allentown
55%
face
55%
good
55%
living
55%
at
52%
place
52%
shot
52%
them
52%
today
52%
Well
52%
World
52%
factories
48%
hard
48%
Iron
48%
keep
48%
least
48%
people
48%
something
48%
stay
48%
steel
48%
very
48%
with
48%
away
45%
child
45%
coal
45%
far
45%
fathers
45%
fought
45%
found
45%
gave
45%
getting
45%
mothers
45%
pretty
45%
real
45%
really
45%
Second
45%
taken
45%
they've
45%
War
45%
was
45%
American
41%
Asked
41%
behaved
41%
Bethlehem
41%
chromium
41%
closing
41%
dance
41%
Filling
41%
flag
41%
forms
41%
ground
41%
happened
41%
helped
41%
Jersey
41%
line
41%
Pennsylvania
41%
Shore
41%
slow
41%
Spent
41%
Standing
41%
wall
41%
weekends
41%
worked
41%
coke
38%
graduations
38%
handed
38%
hang
38%
killing
38%
promises
38%
taught
38%
teachers
38%
threw
38%
union
38%
USO
38%
Danced
34%
Met
34%
restlessness
34%
waiting
34%
crawled
17%
No matching quizzes found
Score Distribution
Percent of People with Each Score
Percentile by Number Answered
Your Score History
You have not taken this quiz